000 00348pam a2200145 a 4500
020 _c
041 _aeng
082 _bDEV
100 _aDevine P.J.
245 _aAn Introduction To Industrial Economics
_hTextual Documents
260 _a[s.l]:
_bGeorge Allens & Union
300 _a502pg.
700 _aLee N. Jones.
_aTyson W.J.
930 _a12926
999 _c89828
_d89828